000 00315 a2200121 4500
000 nam a22 7a 4500
005 20260203155451.0
020 _a9789348409607
100 _aKarmendu Shishir
_91113452
245 _a1857 Ki Rajkranti (Na Bhulne Wali Dastan)
260 _bAnanya Prakashan
_c2025
942 _cTEXL
999 _c1678594
_d1678594